Elecciones, democracia y derechos humanos en las Américas: balance analítico 2006/ IIDH-CAPEL
Kaydedildi:
| Materyal Türü: | Kitap |
|---|---|
| Dil: | Spanish |
| Etiketler: |
Etiketle
Etiket eklenmemiş, İlk siz ekleyin!
|
MARC
| LEADER | 00000nam a22000007a 4500 | ||
|---|---|---|---|
| 003 | cru CIDCACS/IIS | ||
| 005 | 20170526143406.0 | ||
| 007 | ta | ||
| 008 | 170526t2007 cr ||||| |||| 00| 0 spa d | ||
| 040 | |c cru CIDCACS/IIS | ||
| 245 | 0 | |a Elecciones, democracia y derechos humanos en las Américas: |b balance analítico 2006/ IIDH-CAPEL | |
| 300 | |a 66 páginas : |b mapas, gráficos, tablas | ||
| 773 | 0 | |0 19403 |9 990 |a Instituto Interamericano de Derechos Humanos. |d San José, Costa Rica: IIDH-CAPEL, |o 17645 |t Cuadernos de CAPEL / | |
| 942 | |2 ddc |c PP | ||
| 999 | |c 19406 |d 19406 | ||
